00757cam a22002534a 4500020002200000020002200022040000800044082002600052100002600078245012600104260005200230300003400282650001700316650000900333650000900342650002800351650000900379650001800388650001700406650001700423650001000440700002200450700003100472 a039807402X (hard) a0398074038 (pbk.) cDLC00a363 CCT 2003 C152 Or.1 aDe Leon, Sonia Yuson.10aGlobal handbook on food and water safety :bfor the education of food industry management, food handlers, and consumers / aSpringfield, Ill. :bCharles C. Thomas,cc2003. axxx, 318 p. :bill. ;c26 cm. 0aFood service 0aFood 0aFood 0aFood industry and trade 0aFood 0aFood handling 0aWater-supply 0aWater-supply 0aWater1 aMeacham, Susan L.1 aClaudio, Virginia Serraon,